000
00234nam a2200121Ia 4500
100
_a
#N/A
942
_c
BK
654
_a
ComUnity
245
_a
9th Anniversary Package - ComUNITY
260
_b
#N/A
546
_a
ENGLISH
999
_c
19257
_d
19257